| 000 | 00387nam a2200157 a 4500 | ||
|---|---|---|---|
| 005 | 20140414131929.0 | ||
| 008 | 101108s19uu xx 00 eng d | ||
| 020 | _a0590501992 | ||
| 050 |
_aM 179 _bY7 1997 |
||
| 100 | _aYoung, Ed | ||
| 245 | _aVoices of the heart. | ||
| 260 |
_aNew York : _bScholastic Press, _cc1997. |
||
| 650 | _aEmotions. | ||
| 650 | _aVirtues. | ||
| 999 |
_c112170 _d112170 |
||